Statistics for Couples in Literature (Not necessarily great literature)

Click here to take the quiz!

General Stats

  • This quiz has been taken 284 times
    (137 since last reset)
  • The average score is 12 of 25

Answer Stats

Hint Answer % Correct
Scarlett & RhettGone With the Wind
93%
Elizabeth & DarcyPride and Prejudice
88%
Catherine & HeathcliffWuthering Heights
87%
Peeta & KatnissHunger Games
86%
Bella & EdwardTwilight
85%
Jay & DaisyThe Great Gatsby
71%
Jane & RochesterJane Eyre
69%
Bill & FleurHarry Potter
57%
Marius & CosetteLes Misérables
55%
Jaime & CerseiGame of Thrones
53%
Anna & AlexeiAnna Karenina
52%
Buttercup & WestleyThe Princess Bride
48%
Faramir & EowynLord of the Rings
47%
Anne & GilbertAnne of Green Gables
42%
Colonel Brandon & MarianneSense and Sensibility
33%
Jo & FriedrichLittle Women
32%
Laura & AlmanzoLittle House on the Prairie
31%
Yuri & LaraDr. Zhivago
31%
Beatrice & BenedickMuch Ado About Nothing
26%
Claire & JamieOutlander
18%
Lord Peter & HarrietThe Lord Peter Wimsey Mysteries
13%
Leopold & MollyUlysses
12%
Oliver & JennyLove Story
11%
Katherine & ChipsGoodbye, Mr. Chips
11%
Frederic & CatherineA Farewell to Arms
2%

Score Distribution

Percentile by Number Answered

Percent of People with Each Score

Your Score History

You have not taken this quiz since the last reset